Digest of Japanese industry & technology. No 141/1979 : Featuring: Machine tools industry

שמור ב:
מידע ביבליוגרפי
פורמט: ספר
שפה:Undetermined
יצא לאור: Tokyo Japan Trade & Industry Publicity, Inc. 1979
נושאים:
תגים: הוספת תג
אין תגיות, היה/י הראשונ/ה לתייג את הרשומה!
Thư viện lưu trữ: Trung tâm Học liệu Trường Đại học Cần Thơ
LEADER 00530nam a2200181Ia 4500
001 CTU_99643
008 210402s9999 xx 000 0 und d
082 |a 338.47 
082 |b D572 
245 0 |a Digest of Japanese industry & technology. No 141/1979 : 
245 0 |b Featuring: Machine tools industry 
260 |a Tokyo 
260 |b Japan Trade & Industry Publicity, Inc. 
260 |c 1979 
650 |a Machine-tool industry 
650 |z Japan 
904 |i Năm 
980 |a Trung tâm Học liệu Trường Đại học Cần Thơ